Gaming Quiz

Random Gaming or Video Games Quiz

Video Game of the Year Quiz Stats

 Plays Quiz Updated Oct 14, 2019

Score 0/22 Timer 05:00
0 Plays Today
Year Released Game % Correct
2001Halo: Combat Evolved
70.3%
2017The Legend of Zelda: Breath of the Wild
54.6%
2003Call of Duty
50%
2018God of War
46.6%
1997GoldenEye 007
44.5%
2013The Last of Us
41.4%
1998The Legend of Zelda: Ocarina of Time
36.5%
2007Call of Duty 4: Modern Warfare
29%
2016Overwatch
25%
2006Gears of War
24.2%
2015Fallout 4
23.5%
Year Released Game % Correct
1999The Sims
20.9%
2005God of War
18.2%
2004Half-Life 2
17.6%
2008LittleBigPlanet
16.8%
2014Dragon Age: Inquisition
10.8%
2012Journey
10.4%
2000Diablo II
9.1%
2009Uncharted 2: Among Thieves
8.6%
2011The Elder Scrolls V: Skyrim
7.3%
2010Mass Effect 2
3.8%
2002Battlefield 1942
2.7%

You're not logged in!

Compare scores with friends on all Sporcle quizzes.
OR
Log In

Sporcle TV

Today on Sporcle TV


Watch our educational content, quiz creation guides, and fun videos on Sporcle TV.

Show Comments

Extras

Top Quizzes Today


Score Distribution

Your Account Isn't Verified!

In order to create a playlist on Sporcle, you need to verify the email address you used during registration. Go to your Sporcle Settings to finish the process.

Report this User

Report this user for behavior that violates our Community Guidelines.

Details: